000 00872nam a2200253Ia 4500
003 OSt
005 20221006151536.0
006 a|||||r|||| 00| 0
007 ta
008 221006b |||||||| |||| 00| 0 eng d
020 _c
_23.50
024 _a22,505
037 _b17716, Overseas Press
_cTextual
040 _aEASL
_cEASL
_beng
041 _2eng
_aeng
082 _aX.44Oj495, P3
100 _aKOREA INSTITUE FOR INTERNATIONAL ECONOMY POLICY
_9659522
245 0 _aKorea-India economic forum
_b Framework of economic cooperation between Korea and India for the 21st century
260 _aSeoul
_bKorea Institute For International Economic Policy Korea
_c2003
300 _a237p.
_ccm.
490 _v KEL
942 _hX.44Oj495, P3
_cTEXL
_2CC
999 _c1090591
_d1090591